|
|
|
|
| LEADER |
00695nam a22002172a 4500 |
| 001 |
001172434 |
| 003 |
CZ BrMZK |
| 005 |
20120406094458.0 |
| 007 |
ta |
| 008 |
111005s1977 sz er|||||||||||ger d |
| 040 |
|
|
|a BOA001
|b cze
|
| 100 |
1 |
|
|a Frei, Jürg
|4 dis
|
| 245 |
1 |
4 |
|a Die schweizerische Flüchtlingspolitik nach den Revolutionen von 1848 und 1849 /
|c Jürg Frei
|
| 260 |
|
|
|a Zürich :
|b J. Frei,
|c 1977
|
| 300 |
|
|
|a 6, 513 s.
|
| 502 |
|
|
|a Disertace--Universität Zürich, 1976
|
| 710 |
2 |
|
|a Universität Zürich
|7 mzk2004225241
|
| 910 |
|
|
|a BOA001
|b 2-0786.685
|
| 990 |
|
|
|a BK
|
| 991 |
|
|
|b 201110
|
| 996 |
7 |
|
|b 2619478126
|c 2-0786.685
|l MZK
|r Sklad / do 1 hodiny
|n 0
|w 001205901
|u 000010
|a 1
|e BOA001
|j MZK50
|s A
|